Sports Quiz

Random Sports or Country Quiz

Champions League 2012/ 2013 Clubs Quiz Stats

 Plays Quiz not verified by Sporcle

Challenge
Share
Tweet
Embed
Score 0/76 Timer 15:00
0 Plays Today
country & stage Club % Correct
Spain ( Group Stage)Real Madrid
98%
Spain ( Group Stage)FC Barcelona
95.9%
England ( Group Stage)Manchester City
95.9%
Germany ( Group Stage)Bayern Munich
94.9%
England ( Group Stage)Manchester United
93.9%
England ( Group Stage)Arsenal
93.9%
England ( Group Stage)Chelsea
93.9%
Spain ( Group Stage)Valencia
88.8%
Germany ( Group Stage)Borussia Dortmund
88.8%
Italy ( Group Stage)AC Milan
84.7%
Germany ( Group Stage)Schalke '04
83.7%
Portugal ( Group Stage) FC Porto
83.7%
Scotland ( 3th round)Celtic
82.7%
Portugal ( Group Stage)Benfica
81.6%
France ( Group Stage)Paris Saint- Germain
80.6%
Italy ( Group Stage)Juventus
79.6%
Netherlands ( Group Stage)AFC Ajax
78.6%
Greece ( Group Stage)Olympiacos Piraeus
77.6%
Spain ( Play off round)Malaga
75.5%
Russia ( Group Stage)Zenit St. Petersburg
73.5%
Ukraine ( 3th Round)Dynamo Kyiv
73.5%
Turkey ( Group Stage)Galatasaray
73.5%
France ( Play off round) Lille OSC
72.4%
Portugal ( Play off round)Sporting Braga
72.4%
Ukraine ( Group Stage)Shakhtar Donetsk
71.4%
France ( Group Stage)Montpellier
69.4%
Belgium ( 3th round)RSC Anderlecht
68.4%
Denmark ( 3th round)FC Copenhagen
67.3%
Turkey ( 3th Round)Fenerbahce
64.3%
Switzerland ( 2nd round)FC Basel
64.3%
Russia ( Play off round)Spartak Moscow
62.2%
Greece ( 3th round)Panathinaikos
62.2%
Italy ( Play off round)Udinese Calcio
60.2%
Netherlands ( 3th Round)Feyenoord
57.1%
Belgium ( 3th round)Club Brugge
53.1%
Germany ( Play off round)Borussia Monchengladbach
51%
Romania ( 3th round)CFR Cluj
51%
Croatia ( 2nd round)Dinamo Zagreb
49%
country & stage Club % Correct
Scotland ( 3th round)Motherwell
45.9%
Austria ( 2nd round) Red Bull Salzburg
43.9%
Belarus ( 2nd round)BATE Borisov
40.8%
Serbia ( 2nd round)Partizan Belgrade
37.8%
Denmark ( Group Stage)FC Nordsjaelland
32.7%
Finland ( 2nd round)HJK Helsinki
27.6%
Norway ( 2nd round)Molde
26.5%
Slovenia ( 2nd round)NK Maribor
26.5%
Ireland ( 2nd round)Shamrock Rovers
24.5%
Hungary ( 2nd round)Debrecen
23.5%
Sweden ( 2nd round)Helsingborg IF
23.5%
Czech Republic ( 2nd round)Slovan Liberec
19.4%
Moldova ( 2nd round)FC Sheriff Tiraspol
18.4%
Northern Ireland ( 1st round)Lindfield FC
18.4%
Slovakia ( 2nd round)MSK Zilina
16.3%
Estonia ( 2nd round)FC Flora Tallinn
16.3%
Cyprus ( 2nd round)AEL Limassol
15.3%
Luxembourg ( 1st round)F91 Dudelange
14.3%
Latvia ( 2nd round)FK Ventspils
13.3%
Azerbaijan ( 2nd round)Neftchi Baku
13.3%
Bosnia and Herzegovina ( 2nd round)FC Zeljeznicar
12.2%
Poland ( 2nd round)Slask Wroclaw
12.2%
Macedonia ( 2nd round)FK Vardar Skopje
11.2%
Faroe Islands ( 1st round)B36 Torshavn
10.2%
Malta ( 1st round)Valletta FC
10.2%
Romania ( 3th round)FC Vaslui
9.2%
Iceland ( 2nd round)Knattspyrnufélag Reykjavíkur
9.2%
Israel ( 2nd round)Ironi Kiryat Shmona
8.2%
Bulgaria ( 2nd round)Ludogorets Razgrad
8.2%
Lithuania ( 2nd round)FK Ekranas
8.2%
Wales ( 2nd round)The New Saints
8.2%
San Marino ( 1st round)Tre Penne
5.1%
Georgia ( 2nd round)FC Zestafoni
4.1%
Montenegro ( 2nd round)FK Budocnost Podgorica
4.1%
Kazakhstan ( 2nd round)Shakhter Karagandy
4.1%
Armenia ( 2nd round)Ulisses FC
3.1%
Andorra ( 1st round)FC Lusitanos
3.1%
Albania ( 2nd round)Skenderbreu Korce
1%

You're not logged in!

Compare scores with friends on all Sporcle quizzes.
Join for Free
OR
Log In

You Might Also Like...

Show Comments

Extras

Top Quizzes Today


Score Distribution

Your Account Isn't Verified!

In order to create a playlist on Sporcle, you need to verify the email address you used during registration. Go to your Sporcle Settings to finish the process.

Report this User

Report this user for behavior that violates our Community Guidelines.

Details: